|
|
|
|
| LEADER |
005940000a22001810004500 |
| 020 |
|
|
|a 0-07-785-740-7
|
| 082 |
|
|
|a 515.353 M8
|
| 100 |
|
|
|a Sneddon, Ian
|
| 245 |
|
|
|a Elements of Partial differential Equations
|
| 260 |
|
|
|a Auckland, Mc Graw Hill
|
| 260 |
|
|
|c 1988
|
| 490 |
|
|
|a International Series in Pure and Applied Mathematics
|
| 650 |
|
|
|a Laplaces Equation
|
| 650 |
|
|
|a Mathematics
|
| 650 |
|
|
|a Partial differential Equations
|
| 942 |
|
|
|c BK
|
| 999 |
|
|
|c 132260
|d 132256
|
| 952 |
|
|
|0 0
|1 0
|4 0
|6 515_353000000000000_M8
|7 0
|9 131193
|a SCP
|b SCP
|d 2014-02-11
|l 0
|o 515.353 M8
|p SCP03378
|r 2014-02-11
|w 2014-02-11
|y BK
|